| 000 | 00700nam a2200217Ia 4500 | ||
|---|---|---|---|
| 005 | 20250508162132.0 | ||
| 008 | 008 250505s9999 xx 000 0 eng d | ||
| 037 | _aTextual | ||
| 040 |
_aFEDL _beng _cFEDL |
||
| 041 |
_aeng _2eng |
||
| 084 |
_a371.2, THA _qFEDL |
||
| 100 |
_aThakur A S _9306121 |
||
| 245 | 0 | _aEducational administration : The legal basis for education in Nigeria | |
| 260 |
_aNew Delhi, India _bNational Publishing House _c1980 |
||
| 300 | _avii,159p. | ||
| 546 | _a1 Studies in development of education in Africa | ||
| 650 | _aSchool Administration | ||
| 700 |
_a Musaazi J C S Aminu D M _9772400 |
||
| 942 |
_cTEXL _h371.2, THA |
||
| 999 |
_c1374594 _d1374594 |
||